000 00639nam a2200241Ia 4500
003 OSt
005 20220928105036.0
006 a|||||r|||| 00| 0
007 ta
008 220927b |||||||| |||| 00| 0 eng d
024 _a69590
037 _cTextual
040 _aSDCL
_cSDCL
_beng
041 _2eng
_aeng
082 _aV5'L, P5
100 _aBeales Derck
_9413454
245 0 _aEnlightenment and reform in eighteenth-century Europe
260 _aLondon
_bI B Tauris
_c2005
300 _a326p
_ccm.
650 _aHistory Europe
_9413455
942 _hV5'L, P5
_cTEXL
_2CC
999 _c729223
_d729223